000 01002nam a22002177a 4500
999 _c1955
_d1955
005 20251125232741.0
008 s2527 th tha d
040 _aNALT
041 _atha
050 _aDS735 ก6
100 0 _aเพ็ญศรี กาญจโนมัย, ผู้แปล
245 1 0 _aสาธารณรัฐประชาชนจีน / เพ็ญศรี กาญจโนมัย
260 3 _aม.ป.ท. :
_bภาษาต่างประเทศของสาธารณรัฐประชาชนจีน,
_c2527
300 _a266 หน้า :
_b ภาพประกอบ, แผนที่
650 0 4 _aจีน -- การเมืองและการปกครอง
650 0 4 _aจีน -- ประวัติศาสตร์
700 0 _aเพ็ญศรี กาญจโนมัย, ผู้แปล
850 _aNALT
856 4 0 _uhttps://hdl.handle.net/20.500.14156/444318
_71
942 _cGB
_2lcc